Improving payment practices in the construction industry (Record no. 104144)

MARC details
000 -LEADER
fixed length control field 01469cam a2200229 4500
001 - CONTROL NUMBER
control field L129312
008 - FIXED-LENGTH DATA ELEMENTS--GENERAL INFORMATION
fixed length control field 050411n2005 000 0 eng u
035 ## - SYSTEM CONTROL NUMBER
System control number (Sirsi) u129312
041 ## - LANGUAGE CODE
Language code of text/sound track or separate title eng
050 ## - LIBRARY OF CONGRESS CALL NUMBER
Classification number 692.8
-- 18
110 ## - MAIN ENTRY--CORPORATE NAME
Corporate name or jurisdiction name as entry element United Kingdom
Subordinate unit Department of Trade and Industry
245 ## - TITLE STATEMENT
Title Improving payment practices in the construction industry
Remainder of title consultation on proposals to amend Part II of the Housing Grants Construction and Regeneration Act 1996 and Scheme for Construction Contracts (England and Wales) Regulations 1998
260 ## - PUBLICATION, DISTRIBUTION, ETC.
Place of publication, distribution, etc. London
Name of publisher, distributor, etc. DTI
Date of publication, distribution, etc. 2005
520 ## - SUMMARY, ETC.
Summary, etc. Consultation proposals originate from Sir Michael Latham's recent review of the operation of the Housing Grants, Construction and Regeneration Act 1996 Part II and the Scheme for Construction Contracts (England and Wales) Regulations 1998. The consultation which is a joint exercise between the DTI and Welsh Assembly Government is intended to build a general consensus on the way forward. The closing date is 21 June 2005.
590 ## - LOCAL NOTE (RLIN)
Local note IKA150405
650 ## - SUBJECT ADDED ENTRY--TOPICAL TERM
Topical term or geographic name entry element HOUSING GRANTS, CONSTRUCTION AND REGENERATION ACT 1996 PART II
650 ## - SUBJECT ADDED ENTRY--TOPICAL TERM
Topical term or geographic name entry element SCHEME FOR CONSTRUCTION CONTRACTS (ENGLAND AND WALES) REGULATIONS 1998
690 ## - LOCAL SUBJECT ADDED ENTRY--TOPICAL TERM (OCLC, RLIN)
Topical term or geographic name as entry element BUILT ENVIRONMENT-CONSTRUCTION MANAGEMENT-BUILDING CONTRACT ADMINISTRATION
710 ## - ADDED ENTRY--CORPORATE NAME
Corporate name or jurisdiction name as entry element Wales
Subordinate unit Welsh Assembly Government
856 ## - ELECTRONIC LOCATION AND ACCESS
Uniform Resource Identifier <a href="www.dti.gov.uk/consultations/consultation-1478.html">www.dti.gov.uk/consultations/consultation-1478.html</a>
Public note View the item free of charge at www.dti.gov.uk...
942 ## - ADDED ENTRY ELEMENTS (KOHA)
Suppress in OPAC 0
Holdings
Withdrawn status Lost status Source of classification or shelving scheme Damaged status Not for loan Home library Current library Shelving location Date acquired Total Checkouts Full call number Barcode Date last seen Copy number Price effective from Koha item type
    Dewey Decimal Classification     Virtual Virtual Online 15/04/2005   ONLINE PUBLICATION 129312-2001 06/08/2019 1 06/08/2019 Book